00527nam a2200193 a 4500001001300000003000900013005001700022008004100039020001000080082001400090100002200104245005900126260003800185300000900223500003500232505001700267650002700284700002200311nice12345678IN_TiNIC20260116012525.0050524s1933 lona grp 000 0 eng  ac10000a248bUND2 aUnderhill, Evelyn aGolden Sequenceb Fourfold Study of the Spiritual Life aLondonbMethuen and Companyc1933 a193p aincludes index and biblioraphy2 aIndex, Hymns aSpirituality-Christian1 aUnderhill, Evelyn